| 000 | 01019nam a22002537a 4500 | ||
|---|---|---|---|
| 005 | 20240530110443.0 | ||
| 008 | 150422s2009 su aok f b 000 0 ara d | ||
| 017 |
_a1429/6878 _bالسعودية . مكتبة الملك فهد الوطنية |
||
| 020 | _a9786038005293 | ||
| 040 | _aEG-CaGPL | ||
| 082 | 0 | 4 |
_221 _a747.92\ _bم ن |
| 100 | 0 | _aمهجة محمد اسماعيل مسلم | |
| 245 | 1 | 0 |
_aنظريات اللون و الاضاءة فى التصميم الداخلى للمسكن / _cمهجة محمد اسماعيل مسلم |
| 250 | _aط1 | ||
| 260 |
_aالرياض : _bدار الزهراء للنشر و التوزيع ، _c2009 . |
||
| 300 |
_a190 ص : _bايض ؛ _c24 سم . |
||
| 504 | _aيشتمل على ارجاعات ببليوجرافية | ||
| 650 | 0 | 4 |
_aالمساكن _xاضاءة |
| 650 | 0 | 4 | _aديكورات الاضاءة |
| 650 | 0 | 4 |
_aالاضاءة _xمعايير |
| 650 | 0 | 4 | _aالاضاءة الداخلية |
| 942 |
_2ddc _cBK |
||
| 999 |
_c61085 _d61085 |
||